Normal view
MARC view
Entry Personal Name
001 - CONTROL NUMBER
- control field: 42684
003 - CONTROL NUMBER IDENTIFIER
- control field: OSt
005 - DATE AND TIME OF LATEST TRANSACTION
- control field: 20240115110632.0
008 - FIXED-LENGTH DATA ELEMENTS
- fixed length control field: 240115|| aca||aabn | a|a d
040 ## - CATALOGING SOURCE
- Original cataloging agency: OSt
- Transcribing agency: OSt
100 ## - HEADING--PERSONAL NAME
- Personal name: India. Ministry of Consumer Affairs,Food & Public Distribution, Depart ment of Consumer Affairsd
670 ## - SOURCE DATA FOUND
- Source citation: Work cat.: (OSt): India. Ministry of Consumer Affairs,Food & Public Distribution, Depart ment of Consumer Affairsd, Annual report: National Consumer Helpline, 2018-19, 2019
